História da missão dos padres capuchinhos na ilha do Maranhão e terras circunvizinhas / (Record no. 1293)
[ view plain ]
| 000 -LÍDER | |
|---|---|
| Campo Fixo de Controle | 00922nam a2200253 a 4500 |
| 001 - NÚMERO DE CONTROLE | |
| Campo de Controle | 1293 |
| 003 - IDENTIFICAÇÃO DO NÚMERO DE CONTROLE | |
| Campo de Controle | BR-CuiBMT |
| 005 - DATA E HORA DA ÚLTIMA ATUALIZAÇÃO | |
| Campo de Controle | 20231207232249.0 |
| 008 - DADOS FIXOS | |
| Dados Fixos | 231204s2008 dfb 001 0 por d |
| 040 ## - AGÊNCIA CATALOGADORA | |
| Código da Agência Catalogadora | BR-CuiBMT |
| Agência que transcreveu o registro | BR-CuiBMT |
| 080 ## - Nº DA CLASSIFICAÇÃO DECIMAL UNIVERSAL | |
| Nº Class. CDU | 94 |
| Subd. Auxiliar Comum | (81) |
| Nº edição CDU | 2007 |
| 090 ## - NÚMERO DE CHAMADA | |
| Nº classificação | 94(81) |
| Cutter | C615h |
| 100 1# - ENTRADA PRINCIPAL -- AUTOR PESSOAL | |
| Nome pessoal | Claude, d'Abbeville, |
| Títulos e outras palavras associadas ao nome | d'Abbeville, père, |
| Datas associadas ao nome | m. 1632 |
| 245 10 - TÍTULO PRINCIPAL | |
| Título principal | História da missão dos padres capuchinhos na ilha do Maranhão e terras circunvizinhas / |
| Indicação de responsabilidade | Claude d'Abbeville ; tradução, de Sérgio Milliet. |
| 260 ## - PUBLICAÇÃO, DISTRIBUIÇÃO, ETC. | |
| Local de publicação | Brasília : |
| Editora | Senado Federal, |
| Data | 2008. |
| 300 ## - DESCRIÇÃO FÍSICA | |
| N. páginas ou volumes | 403 p. ; |
| Dimensões | 23 cm |
| 490 1# - INDICAÇÃO DE SÉRIE | |
| Título da série | Edições do Senado Federal ; |
| Volume/designação sequencial da série | v. 105 |
| 504 ## - NOTA DE BIBLIOGRAFIA, ETC. | |
| Nota de bibliografia | Inclui bibliografia e índice. |
| 650 ## - ASSUNTO TÓPICO | |
| Cabeçalho tópico ou nome geográfico | Capuchinhos |
| Subdivisão geral | Missões |
| -- | História |
| Subdivisão geográfica | Maranhão |
| 650 ## - ASSUNTO TÓPICO | |
| Cabeçalho tópico ou nome geográfico | Indígenas da América do Sul |
| Subdivisão geral | História |
| Subdivisão geográfica | Maranhão |
| 650 ## - ASSUNTO TÓPICO | |
| Cabeçalho tópico ou nome geográfico | História Maranhão |
| 830 #0 - ENTRADA SECUNDÁRIA DE SÉRIE -- TÍTULO UNIFORME | |
| Título uniforme | Edições Senado Federal ; |
| Nº do volume/designação sequencial da série | 105 |
| 942 ## - ELEMENTOS DE ENTRADA ADICIONAIS (KOHA) | |
| Fonte de classificação ou esquema de arquivamento | Classificação Decimal Universal |
| Tipo de item do Koha | Livros |
| Estado: removido | Estado: perdido | Fonte de classificação ou esquema de arquivamento | Estado: danificado | Indisponível para empréstimo | Localização permanente | Localização atual | Data de aquisição | Total Checkouts | Número de Chamada completo | Código de barras | Date last seen | Número do exemplar | Preço efetivo a partir de | Tipo de item (Koha) |
|---|---|---|---|---|---|---|---|---|---|---|---|---|---|---|
| Classificação Decimal Universal | Biblioteca da Escola Superior de Contas do TCE/MT | Biblioteca da Escola Superior de Contas do TCE/MT | 04/12/2023 | 94(81) C615h | BIBTCEMT23120117 | 04/12/2023 | Ex. 1 | 04/12/2023 | Livros |